ბათუმის შოთა რუსთაველის სახელმწიფო უნივერსიტეტის ბიბლიოთეკა

ცენტრალური კავკაზია : (ბიბ.ჩანაწერი № 59857)

000 -ლიდერი
ფიქსირებული სიგრძის საკონტროლო ველი 01083nam a22002297a 4500
003 - საკონტროლო ნომრის იდენტიფიკატორი
საკონტროლო ველი Ge_BSU
005 - ბოლო ოპერაციის თარიღი და დრო
საკონტროლო ველი 20230501114343.0
008 - ფიქსირებული სიგრძის მონაცემთა ელემენტები - ზოგადი ინფორმაცია
ფიქსირებული სიგრძის საკონტროლო ველი 230501s2009 ge ||||| |||| 00| 0 geo d
020 ## - წიგნის საერთაშორისო სტანდარტული ნომერი
International Standard Book Number 9789994087563
041 ## - ენის კოდი
Language code of text/sound track or separate title geo
080 ## - უნივერსალური ათობითი კლასიფიკაციის ინდექსი
Universal Decimal Classification number 321.01(479)+ 338(479) პ-18
100 ## - მთავარი ჩანაწერი - პიროვნების სახელი
Personal name პაპავა, ვლადიმერ
9 (RLIN) 17872
245 ## - ცნობა სათაურის შესახებ
Title ცენტრალური კავკაზია :
Remainder of title გეოპოლიტეკონომიური ნარკვევი /
Statement of responsibility, etc ვლადიმერ პაპავა ; [რედ. როზეტა ასათიანი].
264 ## - წარმოების, გამოცემის, დისტრიბუციის და სხვა ცნობები
გამოცემის, წარმოების, დისტრიბუციის... ადგილი თბილისი :
გამოცემის, წარმოების, დისტრიბუციის... სახელწოდება სიახლე,
გამოცემის, წარმოების, დისტრიბუციის... თარიღი 2009.
300 ## - ფიზიკური აღწერა
Extent 160გვ. ;
Other physical details 20სმ.
504 ## - BIBLIOGRAPHY, ETC. NOTE
Bibliography, etc ბიბლიოგრ.: გვ. 98-139.
520 ## - SUMMARY, ETC.
Summary, etc რეზ. ინგლ. და რუს.
653 ## - INDEX TERM--UNCONTROLLED
Uncontrolled term კავკასიის გეოპოლიტიკა
653 ## - INDEX TERM--UNCONTROLLED
Uncontrolled term კავკასიის ეკონომიკა.
700 ## - ADDED ENTRY--PERSONAL NAME
Personal name ასათიანი, როზეტა
Relator term რედაქტორი
9 (RLIN) 17873
942 ## - ADDED ENTRY ELEMENTS (KOHA)
Source of classification or shelving scheme
Koha item type წიგნი
ეგზემპლარები
ჩამოწერის სტატუსი დაკარგული ეგზემპლარის სტატუსი კლასიფიკაციის წყარო ან თაროზე გაწყობის სქემა დაზიანების სტატუსი არ გაიცემა მუდმივი მდებარეობა (დაცვის ადგილი) ამჟამინდელი ადგილსამყოფელი თაროზე განთავსების ადგილი შეძენის თარიღი ღირებულება, შესყიდვის ნორმალური ფასი სრული შენახვის შიფრი შტრიხკოდი ბოლო ოპერაციის თარიღი ეგზემპლარის მიმდევრობითი ნომერი (კეტერი?) Uniform Resource Identifier ფასის ძალაში შესვლის თარიღი ეგზემპლარის სახეობა საჯარო შენიშვნა
          ბათუმის შოთა რუსთაველის სახელმწიფო უნივერსიტეტის მთავარი ბიბლიოთეკა ბათუმის შოთა რუსთაველის სახელმწიფო უნივერსიტეტის მთავარი ბიბლიოთეკა წიგნსაცავი 2023-05-01 5.00 321.01(479)+ 338(479) პ-18 64289 2023-05-01 64289 ბსუ-ს საპატიო დოქტორის გურამ ლორთქიფანიძის საჩუქარი 2023-05-01 წიგნი 5 ლ.